| 000 | 00847 a2200193 4500 | ||
|---|---|---|---|
| 003 | NUST | ||
| 005 | 20251218164243.0 | ||
| 040 | _cNust | ||
| 082 | _a621.382,ZIA | ||
| 100 |
_aZia, Sara (TE-48) _9132198 |
||
| 245 |
_aImplementation of FIPS 140-2 Standars Tamper (Evidence/Detection) for FPGA Based Systems / _cSara Zia, Muneeba Sirshar and Zubair Rasheed |
||
| 260 |
_aRawalpindi _bMCS (NUST) _c19-06-2015 |
||
| 300 | _aix,34 p.; | ||
| 505 | _aintroduction (Page-1), Literature Review (Page-3), Software Requirement Specification (Page-7), Design and Development (Page-11), Project Analysis and Evaluation (Page-21), Future Work (Page-26), Conclusion (Page-27). | ||
| 650 |
_aUG Project _9131132 |
||
| 651 | _aTE-48 | ||
| 700 |
_aSupervised by Asst. Prof. Muhammad Waseem Iqbal; Co Supervised by Dr. Mehreem Afzal _9132480 |
||
| 942 |
_cPR _2ddc |
||
| 999 |
_c217220 _d217220 |
||